Cannibale Lecter (mort subite) - Statistiques

Statistiques générales
  • Ce quiz a été pris 29 fois
  • Le résultat moyen est 13 sur 26
Answers on the Grid
Answers color-coded by a green-red scale on the quiz's grid according to % correct below.
Appareil à fondue
corbeille à pain
frigo
planche à découper
poêle
grille-pain
cuisinière
hachoir à viande
Poêle à poisson
plaque de cuisson
panier à salade
mixeur
tranchoir
couteau à viande
pot avec couvercle
congélateur
casse-noix
barbecue
autocuiseur
cuit vapeur
marmite
pierrade
plancha
rôtissoire
tournebroche
ciseaux de cuisine
désosseur
poubelle de table
chien (pour les os)
Chauffe-plat
 
Statistiques - réponses
Réponse % Correct
poêle
73%
tranchoir
69%
planche à découper
65%
couteau à viande
62%
plaque de cuisson
62%
cuisinière
58%
hachoir à viande
58%
marmite
58%
barbecue
54%
congélateur
54%
désosseur
54%
Appareil à fondue
50%
Chauffe-plat
50%
ciseaux de cuisine
50%
frigo
50%
plancha
50%
rôtissoire
50%
tournebroche
50%
mixeur
46%
autocuiseur
42%
chien (pour les os)
42%
cuit vapeur
38%
pierrade
38%
pot avec couvercle
31%
poubelle de table
31%
casse-noix
23%
Aucun quiz correspondant
Distribution des résultats
% des personnes avec chaque résultat
Percentile par nombre de réponses
Votre historique - résultats
Vous n’avez pas pris ce quiz